Statistics for Countries That Border India With An Empty Map

Click here to take the quiz!

General Stats

  • This quiz has been taken 122 times
  • The average score is 5 of 6

Answers on the Map

Answers color-coded by a green-red scale on the quiz's map according to % correct below.
 

Answer Stats

Country% Correct
China
95%
Nepal
94%
Pakistan
93%
Bhutan
89%
Bangladesh
88%
Myanmar
79%

Score Distribution

Percentile by Number Answered

Percent of People with Each Score

Your Score History

You have not taken this quiz